Эпрон. Сборник 1 (Запись № 13605462)

Подробности
000 -МАРКЕР
контрольное поле 01476nam2a2200229 4500
001 - ИДЕНТИФИКАТОР ЗАПИСИ
контрольное поле rc\2962381
005 - ИДЕНТИФИКАТОР ВЕРСИИ
контрольное поле 20260315061127.0
035 ## - ДРУГИЕ СИСТЕМНЫЕ НОМЕРА
Идентификатор записи (NLR Aleph) 007108974
100 ## - ДАННЫЕ ОБЩЕЙ ОБРАБОТКИ
Данные общей обработки 20110903d1933 u y0rusy50 ca
101 0# - ЯЗЫК РЕСУРСА
Язык текста, звукозаписи и т.д. русский
102 ## - СТРАНА ПУБЛИКАЦИИ ИЛИ ПРОИЗВОДСТВА
Страна публикации Российская Федерация
105 ## - ПОЛЕ КОДИРОВАННЫХ ДАННЫХ: ТЕКСТОВЫЕ МАТЕРИАЛЫ, МОНОГРАФИЧЕСКИЕ
Кодированные данные о монографическом текстовом документе ac z |||||
200 0# - ЗАГЛАВИЕ И СВЕДЕНИЯ ОБ ОТВЕТСТВЕННОСТИ
Основное заглавие Сборник 1
210 ## - ПУБЛИКАЦИЯ, РАСПРОСТРАНЕНИЕ И ДР.
Дата издания, распространения и т.д. 1933
215 ## - ФИЗИЧЕСКАЯ ХАРАКТЕРИСТИКА
Специфическое обозначение материала и объем 180 с., 3 вкл. л. портр., черт., табл.
Другие сведения о физической характеристике портр., черт., табл.
461 #0 - УРОВЕНЬ НАБОРА
Встроенное поле 001rc\2962380
-- 2000#$aЭпрон$eСборник статей по судоподъему, водолазному и аварийно-спасательному делу. Сборник 1$fВ сборнике участвуют: Соколов-Микитов И.С., Крылов Ф.И. (нач. гл. упр. Эпрона), Лукашевич С.П... [и др.]$gЭпрон$vСборник 1
Системный номер (АБИС) связанной записи 6748084
Место публикации Ленинград
Дата публикации 1933
Первые сведения об ответственности В сборнике участвуют: Соколов-Микитов И.С., Крылов Ф.И. (нач. гл. упр. Эпрона), Лукашевич С.П... [и др.]
Имя издателя, распространителя и т.д. Краснознаменная экспедиция подводных работ СССР
Сведения, относящиеся к заглавию Сборник статей по судоподъему, водолазному и аварийно-спасательному делу. Сборник 1
Заглавие Эпрон
Номер тома Сборник 1
801 #0 - ИСТОЧНИК ЗАПИСИ
Страна Российская Федерация
Организация NLR
Правила каталогизации psbo
801 #1 - ИСТОЧНИК ЗАПИСИ
Страна Российская Федерация
Организация ELAR
Источник данных rusmarc
852 ## - МЕСТОНАХОЖДЕНИЕ И ШИФР ХРАНЕНИЯ
Идентификатор организации NLR
Шифр хранения (Call Number) 33-19/367(1)
942 ## - ДОПОЛНИТЕЛЬНЫЕ ЭЛЕМЕНТЫ ЗАПИСИ (АБИС)
Тип экземпляра АБИС Неопределено
980 ## - КОЛЛЕКЦИЯ
Название коллекции Национальная библиография

Нет доступных экземпляров.